000 00678nam a22002057a 4500
999 _c21827
_d21827
003 AR-CdUCM
008 190425b ||||| |||| 00| 0 spa d
040 _aMUNICIPALIDAD PROVINCIAL DEL CUSCO
_cBIBLIOTECA MUNICIPAL DEL CUSCO
082 _aRev.Allp/Índice
110 _aInstituto de Pastoral Andina
_912766
245 _aAllpanchis Phuturinqa :
_bÍndice /
260 _aLima :
_bTaller Gráfico Tarea,
_c1990.
300 _a78 páginas. :
_c20 cm.
500 _a20 años en el mundo andino.
505 _aÍndice 1969-1989, números, autores y temas
650 _aCultura andina
_946291
650 _aPublicaciones periódicas
_932056
942 _2ddc
_cPP
945 _arac